000 00483nam a2200181Ia 4500
999 _c15007
_d15007
003 OSt
005 20201218104302.0
008 190216s9999||||xx |||||||||||||| ||und||
040 _coclc
082 _a423
_bARO/W
100 _aAroor, Usha
_97655
245 0 _aWord Master /
_cUsha Aroor
250 _a1st Ed.
260 _bOrient Longman,
_c2004.
_aHyderbad:
300 _a722p
650 _aEnglish Dictionary
942 _cBK
_2ddc
_h423
_iARO/W
_k423
_mARO/W